[Event "CAN-op"]
[Site "Edmonton CAN"]
[Date "2009.07.13"]
[Round "3.40"]
[White "Perron, Sean"]
[Black "Steer, David"]
[Result "1-0"]
[WhiteElo "2132"]
[BlackElo "1814"]
[PlyCount "75"]
[GameId "2160767910155850"]
[EventDate "2009.07.11"]
[EventType "swiss"]
[EventRounds "9"]
[EventCountry "CAN"]
[SourceTitle "EXT 2022"]
[Source "ChessBase"]
[SourceDate "2021.10.06"]
[SourceVersion "1"]
[SourceVersionDate "2021.10.06"]
[SourceQuality "1"]

1. e4 e5 2. Nf3 Nc6 3. d4 exd4 4. Nxd4 Bc5 5. Be3 Qf6 6. c3 d6 7. Be2 Nge7 8. O-O Bd7 9. Nb5 O-O-O 10. Nd4 h5 11. b4 Nxd4 12. cxd4 Bb6 13. Nc3 Qg6 14. a4 a5 15. Kh1 f5 16. h4 fxe4 17. Bg5 Rde8 18. Bxe7 Rxe7 19. Nd5 Rf7 20. Rc1 Kb8 21. Nxb6 cxb6 22. bxa5 bxa5 23. Qd2 Qf5 24. d5 Qf4 25. Qxa5 Qxh4+ 26. Kg1 Qd8 27. Qb4 Qe7 28. Ba6 Bg4 29. Bxb7 Qxb7 30. Qxd6+ Ka8 31. Rc5 Qa7 32. Qc6+ Rb7 33. Rb1 Rhb8 34. d6 Bd7 35. Qd5 Qxc5 36. Qxc5 Rxb1+ 37. Kh2 R1b4 38. Qa5+ 1-0

[Event "CAN-op"]
[Site "Edmonton CAN"]
[Date "2009.07.13"]
[Round "3.41"]
[White "Me, Kevin"]
[Black "De Jong, Walter"]
[Result "1-0"]
[WhiteElo "2145"]
[BlackElo "1812"]
[PlyCount "29"]
[GameId "2160767910155851"]
[EventDate "2009.07.11"]
[EventType "swiss"]
[EventRounds "9"]
[EventCountry "CAN"]
[SourceTitle "EXT 2022"]
[Source "ChessBase"]
[SourceDate "2021.10.06"]
[SourceVersion "1"]
[SourceVersionDate "2021.10.06"]
[SourceQuality "1"]

1. e4 e6 2. d4 d5 3. exd5 exd5 4. Bd3 Nc6 5. c3 Bd6 6. Qf3 Be6 7. Ne2 Qf6 8. Qxf6 Nxf6 9. Bf4 O-O-O 10. O-O h6 11. Bxd6 Rxd6 12. Nd2 Re8 13. Rae1 Ne7 14. Nf4 Bf5 15. Rxe7 1-0

[Event "CAN-op"]
[Site "Edmonton CAN"]
[Date "2009.07.13"]
[Round "3.42"]
[White "Miettinen, Eric"]
[Black "Daswani, Benedict"]
[Result "0-1"]
[WhiteElo "1800"]
[BlackElo "2115"]
[PlyCount "44"]
[GameId "2160767910155852"]
[EventDate "2009.07.11"]
[EventType "swiss"]
[EventRounds "9"]
[EventCountry "CAN"]
[SourceTitle "EXT 2022"]
[Source "ChessBase"]
[SourceDate "2021.10.06"]
[SourceVersion "1"]
[SourceVersionDate "2021.10.06"]
[SourceQuality "1"]

1. Nf3 g6 2. c4 d6 3. e4 Nf6 4. Nc3 Bg7 5. d4 O-O 6. Be2 c5 7. O-O cxd4 8. Nxd4 Na6 9. Rb1 Nc5 10. f3 Ne6 11. Nc2 Bd7 12. Kh1 Rc8 13. b3 Qc7 14. Ne3 Nf4 15. Nf5 gxf5 16. Bxf4 e5 17. Bg5 f4 18. Bxf6 Bxf6 19. Nd5 Qd8 20. Qd2 Bh4 21. Qb4 Bg3 22. Qxd6 Qh4 0-1

[Event "CAN-op"]
[Site "Edmonton CAN"]
[Date "2009.07.13"]
[Round "3.43"]
[White "Sequillion, Aaron"]
[Black "Du, Jasmine"]
[Result "1-0"]
[WhiteElo "2108"]
[BlackElo "1810"]
[PlyCount "59"]
[GameId "2160767910155853"]
[EventDate "2009.07.11"]
[EventType "swiss"]
[EventRounds "9"]
[EventCountry "CAN"]
[SourceTitle "EXT 2022"]
[Source "ChessBase"]
[SourceDate "2021.10.06"]
[SourceVersion "1"]
[SourceVersionDate "2021.10.06"]
[SourceQuality "1"]

1. e4 b6 2. d4 Bb7 3. Nc3 e6 4. Bd3 Nc6 5. Nge2 Be7 6. O-O Nb4 7. f4 Nxd3 8. Qxd3 Nf6 9. f5 exf5 10. Rxf5 d6 11. Bg5 h6 12. Bd2 Bc8 13. Rf2 O-O 14. Raf1 c5 15. h3 a6 16. Ng3 cxd4 17. Qxd4 d5 18. Nxd5 Nxd5 19. exd5 Bc5 20. Qd3 Bxf2+ 21. Rxf2 Bb7 22. Nf5 Re8 23. Qg3 Re1+ 24. Bxe1 Qg5 25. Qxg5 hxg5 26. c4 Rd8 27. Bc3 f6 28. Re2 Kf8 29. Nxg7 Kxg7 30. Re7+ 1-0

[Event "CAN-op"]
[Site "Edmonton CAN"]
[Date "2009.07.13"]
[Round "3.44"]
[White "Caron, Harvey"]
[Black "Monaghan, Jim"]
[Result "0-1"]
[WhiteElo "1784"]
[BlackElo "2090"]
[PlyCount "80"]
[GameId "2160767910155854"]
[EventDate "2009.07.11"]
[EventType "swiss"]
[EventRounds "9"]
[EventCountry "CAN"]
[SourceTitle "EXT 2022"]
[Source "ChessBase"]
[SourceDate "2021.10.06"]
[SourceVersion "1"]
[SourceVersionDate "2021.10.06"]
[SourceQuality "1"]

1. e4 c5 2. Nc3 g6 3. f4 Bg7 4. Nf3 a6 5. a4 Nc6 6. Bc4 d6 7. O-O e6 8. d3 Nge7 9. Qe1 Nd4 10. Nxd4 cxd4 11. Ne2 d5 12. Bb3 dxe4 13. dxe4 O-O 14. Qf2 Nc6 15. Rd1 Qb6 16. e5 Rd8 17. Nxd4 Rxd4 18. Be3 Rxd1+ 19. Rxd1 Qc7 20. Bb6 Qe7 21. a5 Bf8 22. Qd2 Rb8 23. c3 Nxa5 24. Bxa5 Qc5+ 25. Kh1 Qxa5 26. h4 b5 27. h5 Qb6 28. hxg6 hxg6 29. f5 exf5 30. Qg5 Be6 31. Bc2 Qc7 32. Qg3 Kg7 33. b4 a5 34. Kg1 axb4 35. Qh4 Be7 36. Qg3 bxc3 37. Qf4 Qc5+ 38. Rd4 b4 39. Bxf5 Rd8 40. Bxe6 Qxd4+ 0-1

[Event "CAN-op"]
[Site "Edmonton CAN"]
[Date "2009.07.13"]
[Round "3.45"]
[White "Pedersen, Rick"]
[Black "Wong, Ford"]
[Result "1-0"]
[WhiteElo "2089"]
[BlackElo "1774"]
[PlyCount "129"]
[GameId "2160767910155855"]
[EventDate "2009.07.11"]
[EventType "swiss"]
[EventRounds "9"]
[EventCountry "CAN"]
[SourceTitle "EXT 2022"]
[Source "ChessBase"]
[SourceDate "2021.10.06"]
[SourceVersion "1"]
[SourceVersionDate "2021.10.06"]
[SourceQuality "1"]

1. e4 g6 2. d4 d6 3. c4 Bg7 4. Nc3 Nf6 5. Nf3 O-O 6. Be2 Nbd7 7. O-O e5 8. Be3 a6 9. h3 Rb8 10. a4 Re8 11. d5 Nc5 12. Qc2 a5 13. Rfd1 b6 14. Ne1 Bb7 15. Rab1 Ra8 16. Bf3 Rf8 17. Nd3 Ne8 18. b4 Nxd3 19. Rxd3 axb4 20. Rxb4 f5 21. Rd1 Qh4 22. Bc1 Bh6 23. Qe2 Bxc1 24. Rxc1 Rf7 25. Nb5 Rg7 26. Rc3 Bc8 27. Ra3 Ra5 28. Rb2 Nf6 29. Nc3 Ba6 30. Rb4 h5 31. Ra1 f4 32. g3 fxg3 33. Bg2 gxf2+ 34. Qxf2 Qxf2+ 35. Kxf2 h4 36. Ke3 Nh5 37. Ne2 g5 38. Bf3 Nf4 39. Bg4 Rc5 40. Rc1 Kh7 41. Ng1 Rf7 42. Rc2 Kh6 43. Nf3 Nh5 44. Rc1 Ng3 45. Nd2 Rf4 46. Bd7 Ra5 47. Bg4 Bb7 48. Ra1 Ra8 49. a5 Bc8 50. Bxc8 Rxc8 51. axb6 cxb6 52. Rxb6 Rf6 53. Raa6 Nf1+ 54. Nxf1 Rxf1 55. Rxd6+ Kg7 56. Ra7+ Rf7 57. Rxf7+ Kxf7 58. Rc6 Ra8 59. Kf3 Ra3+ 60. Kg4 Rg3+ 61. Kf5 g4 62. Rc7+ Ke8 63. hxg4 h3 64. Rh7 Rc3 65. Kxe5 1-0

[Event "CAN-op"]
[Site "Edmonton CAN"]
[Date "2009.07.13"]
[Round "3.47"]
[White "Yearwood, Roy"]
[Black "MacFie, Bob"]
[Result "1-0"]
[WhiteElo "2079"]
[BlackElo "1768"]
[PlyCount "57"]
[GameId "2160767910155857"]
[EventDate "2009.07.11"]
[EventType "swiss"]
[EventRounds "9"]
[EventCountry "CAN"]
[SourceTitle "EXT 2022"]
[Source "ChessBase"]
[SourceDate "2021.10.06"]
[SourceVersion "1"]
[SourceVersionDate "2021.10.06"]
[SourceQuality "1"]

1. d4 d5 2. Nf3 Nc6 3. c4 Bg4 4. cxd5 Bxf3 5. gxf3 Qxd5 6. e3 e5 7. Nc3 Bb4 8. a3 Bxc3+ 9. bxc3 Nf6 10. Rb1 O-O 11. Rb5 Qd6 12. Rxb7 Rab8 13. Rxb8 Rxb8 14. Qc2 Nd7 15. Bd3 h6 16. Qa2 Na5 17. O-O c5 18. d5 Qf6 19. Be4 c4 20. Qe2 Nc5 21. Bc2 Qd6 22. Rd1 Ncb3 23. Bb2 Nd2 24. Rxd2 Rxb2 25. Bh7+ Kxh7 26. Rxb2 Qxd5 27. Qc2+ g6 28. Qe4 Qc5 29. Rd2 1-0

[Event "CAN-op"]
[Site "Edmonton CAN"]
[Date "2009.07.13"]
[Round "3.48"]
[White "Asquith, Tom"]
[Black "Gorelik, Lev"]
[Result "0-1"]
[WhiteElo "1753"]
[BlackElo "2079"]
[PlyCount "32"]
[GameId "2160767910155858"]
[EventDate "2009.07.11"]
[EventType "swiss"]
[EventRounds "9"]
[EventCountry "CAN"]
[SourceTitle "EXT 2022"]
[Source "ChessBase"]
[SourceDate "2021.10.06"]
[SourceVersion "1"]
[SourceVersionDate "2021.10.06"]
[SourceQuality "1"]

1. c4 e5 2. g3 g6 3. Bg2 Bg7 4. Nc3 Nc6 5. e4 d6 6. d3 Nd4 7. Be3 Ne7 8. Qd2 O-O 9. Nh3 Bxh3 10. O-O Bxg2 11. Kxg2 f5 12. Rae1 Qd7 13. f4 fxe4 14. Nxe4 Nef5 15. fxe5 Nxe3+ 16. Qxe3 Rxf1 0-1

[Event "CAN-op"]
[Site "Edmonton CAN"]
[Date "2009.07.13"]
[Round "3.49"]
[White "Willis, Bradley"]
[Black "Nadeau, Francois"]
[Result "1-0"]
[WhiteElo "2072"]
[BlackElo "1760"]
[PlyCount "57"]
[GameId "2160767910155859"]
[EventDate "2009.07.11"]
[EventType "swiss"]
[EventRounds "9"]
[EventCountry "CAN"]

1. d4 d5 2. Nf3 Nf6 3. e3 e6 4. Bd3 c5 5. c3 a6 6. Nbd2 Nc6 7. O-O Bd6 8. Re1 O-O 9. e4 dxe4 10. Nxe4 cxd4 11. Nxf6+ gxf6 12. Nxd4 Ne5 13. Bh6 Ng6 14. Bxf8 Qxf8 15. Bxg6 hxg6 16. Qf3 Qh6 17. h3 f5 18. Rad1 Bc7 19. Qe3 g5 20. Nf3 Bf4 21. Rd8+ Kh7 22. Qc5 b6 23. Qe7 Qg7 24. Rf8 Kg6 25. g3 Bb7 26. Qxb7 Rxf8 27. gxf4 gxf4 28. Kh2 Qh6 29. Qe7 1-0

[Event "CAN-op"]
[Site "Edmonton CAN"]
[Date "2009.07.13"]
[Round "3.50"]
[White "Mackey, John"]
[Black "Sohal, Tanraj"]
[Result "0-1"]
[WhiteElo "1743"]
[BlackElo "2072"]
[PlyCount "78"]
[GameId "2160767910155860"]
[EventDate "2009.07.11"]
[EventType "swiss"]
[EventRounds "9"]
[EventCountry "CAN"]
[SourceTitle "EXT 2022"]
[Source "ChessBase"]
[SourceDate "2021.10.06"]
[SourceVersion "1"]
[SourceVersionDate "2021.10.06"]
[SourceQuality "1"]

1. d4 Nf6 2. Nf3 e6 3. g3 Be7 4. Bg2 O-O 5. c4 Bb4+ 6. Bd2 Bxd2+ 7. Nbxd2 d6 8. O-O Nc6 9. Qc2 e5 10. dxe5 dxe5 11. Rfd1 Qe7 12. a3 a5 13. e3 g6 14. Rac1 Bf5 15. Qc3 Rad8 16. Nh4 Bg4 17. f3 Be6 18. Bf1 Rd7 19. Nb3 b6 20. Be2 a4 21. Nd2 Rfd8 22. Nb1 Na5 23. Rxd7 Nxd7 24. Rd1 f6 25. Qc2 Qc5 26. Kf2 Nxc4 27. Bxc4 Qxc4 28. Nc3 Kf7 29. Rd2 Ra8 30. Qd1 Qc6 31. Ng2 Nc5 32. Qf1 Nb3 33. Rc2 Rd8 34. Qe1 Nc5 35. Kg1 Qxf3 36. Rf2 Qc6 37. Qf1 Bh3 38. Qc4+ Qe6 39. Qh4 Kg7 0-1

[Event "CAN-op"]
[Site "Edmonton CAN"]
[Date "2009.07.13"]
[Round "3.51"]
[White "Yam, Alex"]
[Black "Faust, Steven"]
[Result "1-0"]
[WhiteElo "2060"]
[BlackElo "1757"]
[PlyCount "67"]
[GameId "2160767910155861"]
[EventDate "2009.07.11"]
[EventType "swiss"]
[EventRounds "9"]
[EventCountry "CAN"]
[SourceTitle "EXT 2022"]
[Source "ChessBase"]
[SourceDate "2021.10.06"]
[SourceVersion "1"]
[SourceVersionDate "2021.10.06"]
[SourceQuality "1"]

1. e4 e6 2. d3 d5 3. Nd2 c5 4. Ngf3 Nc6 5. g3 g6 6. Bg2 Bg7 7. O-O Nge7 8. Re1 O-O 9. c3 b6 10. e5 Qc7 11. Qe2 Bb7 12. Nf1 Rad8 13. h4 d4 14. c4 h5 15. Bf4 Nf5 16. N3h2 Nce7 17. Bg5 Kh8 18. g4 hxg4 19. Nxg4 Rc8 20. Nd2 Ng8 21. Bxb7 Qxb7 22. Ne4 Ngh6 23. Nef6 Nxg4 24. Qxg4 Nh6 25. Qh3 Bxf6 26. exf6 Nf5 27. h5 Kg8 28. Re5 Rfe8 29. Rae1 Qd7 30. R1e2 a6 31. b3 b5 32. f4 bxc4 33. hxg6 fxg6 34. Rh2 1-0

[Event "CAN-op"]
[Site "Edmonton CAN"]
[Date "2009.07.13"]
[Round "3.52"]
[White "Tang, Edward"]
[Black "Thomas, Bruce"]
[Result "1/2-1/2"]
[WhiteElo "2053"]
[BlackElo "1752"]
[PlyCount "127"]
[GameId "2160767910155862"]
[EventDate "2009.07.11"]
[EventType "swiss"]
[EventRounds "9"]
[EventCountry "CAN"]
[SourceTitle "EXT 2022"]
[Source "ChessBase"]
[SourceDate "2021.10.06"]
[SourceVersion "1"]
[SourceVersionDate "2021.10.06"]
[SourceQuality "1"]

1. d4 d5 2. c4 e6 3. Nc3 Nf6 4. Bg5 Be7 5. e3 O-O 6. Nf3 b6 7. Bd3 Bb7 8. O-O dxc4 9. Bxc4 Nd5 10. Bxe7 Nxe7 11. Qe2 Nd7 12. Rad1 Ng6 13. e4 Qe7 14. Rd2 Nf6 15. Rfd1 c6 16. Qe3 h6 17. Ne5 Rad8 18. Nxg6 fxg6 19. f4 Kh8 20. Be2 Rd7 21. Bf3 Qe8 22. Ne2 Rdf7 23. Nc1 Nd7 24. g3 Qe7 25. Bg2 Nf6 26. Nd3 Nd7 27. b4 Qe8 28. h4 Qe7 29. a3 Re8 30. Bh3 Ba6 31. Ne5 Nxe5 32. dxe5 Kh7 33. Rd6 Qc7 34. Bxe6 Rfe7 35. Bh3 Bc8 36. Bxc8 Qxc8 37. Qc3 Rc7 38. Rc1 Qg4 39. Qd3 c5 40. bxc5 bxc5 41. f5 g5 42. hxg5 Qxg5 43. Rc4 Rxe5 44. Rg6 Qe7 45. Qd6 Rd7 46. Qxe7 Rdxe7 47. Rg4 Rd7 48. Kf2 Rf7 49. Kf3 g5 50. Ke3 Rfxf5 51. Rxc5 Rxe4+ 52. Kxe4 Rxc5 53. Kd3 Ra5 54. a4 Kg6 55. Rc4 Ra6 56. Ke3 Re6+ 57. Kf3 Ra6 58. Rb4 h5 59. Rc4 Rf6+ 60. Kg2 g4 61. Rc5 a6 62. Rd5 Kh6 63. Rc5 Kg6 64. Rd5 1/2-1/2

[Event "CAN-op"]
[Site "Edmonton CAN"]
[Date "2009.07.13"]
[Round "3.53"]
[White "Moran-Venegas, Mario"]
[Black "Oussedik, Elias"]
[Result "1/2-1/2"]
[WhiteElo "2052"]
[BlackElo "1738"]
[PlyCount "91"]
[GameId "2160767910155863"]
[EventDate "2009.07.11"]
[EventType "swiss"]
[EventRounds "9"]
[EventCountry "CAN"]
[SourceTitle "EXT 2022"]
[Source "ChessBase"]
[SourceDate "2021.10.06"]
[SourceVersion "1"]
[SourceVersionDate "2021.10.06"]
[SourceQuality "1"]

1. e4 e6 2. Nc3 d5 3. Nf3 Nf6 4. e5 Nfd7 5. d4 c5 6. Be3 Nc6 7. dxc5 Ndxe5 8. Nxe5 Nxe5 9. Bb5+ Bd7 10. O-O Be7 11. f4 Bxb5 12. Nxb5 Nd7 13. c6 bxc6 14. Nd4 Qc7 15. Qg4 Bf6 16. c3 Rb8 17. Rf2 a5 18. Re1 Nb6 19. Nxe6 fxe6 20. Qxe6+ Kd8 21. Bd4 Bxd4 22. cxd4 Qd7 23. Qe5 Rc8 24. Rfe2 h6 25. b3 Rc7 26. Qh5 Qf7 27. Qh4+ Qf6 28. Qg4 Qxd4+ 29. Kh1 Rd7 30. Qe6 Qf6 31. Qe3 Kc7 32. Qc5 Qxf4 33. Re6 Rd6 34. Re7+ Rd7 35. R7e6 Rd6 36. Re7+ Rd7 37. R7e6 Qb4 38. Qxc6+ Kd8 39. Qxb6+ Qxb6 40. Rxb6 Kc7 41. Ra6 Kb7 42. Rxa5 d4 43. Ree5 d3 44. Reb5+ Kc6 45. Rc5+ Kb6 46. Rab5+ 1/2-1/2

[Event "CAN-op"]
[Site "Edmonton CAN"]
[Date "2009.07.13"]
[Round "3.54"]
[White "Araullo, Paolo"]
[Black "Fu, James"]
[Result "1-0"]
[WhiteElo "2047"]
[BlackElo "1740"]
[PlyCount "113"]
[GameId "2160767910155864"]
[EventDate "2009.07.11"]
[EventType "swiss"]
[EventRounds "9"]
[EventCountry "CAN"]
[SourceTitle "EXT 2022"]
[Source "ChessBase"]
[SourceDate "2021.10.06"]
[SourceVersion "1"]
[SourceVersionDate "2021.10.06"]
[SourceQuality "1"]

1. e4 e5 2. Nf3 Nc6 3. Bb5 g6 4. O-O Bg7 5. c3 Nge7 6. d4 exd4 7. cxd4 O-O 8. Nc3 d6 9. h3 h6 10. Bf4 Kh7 11. Re1 f5 12. e5 dxe5 13. Nxe5 Qxd4 14. Nxc6 Nxc6 15. Bxc7 Qxd1 16. Raxd1 Rf7 17. Bh2 Nd4 18. Re8 Nxb5 19. Nxb5 Bd7 20. Rxa8 Bxb5 21. Rxa7 Bxb2 22. Bf4 Ba6 23. Ra8 g5 24. Bc1 Bc3 25. Rad8 Bb5 26. Ba3 Bg7 27. Bc5 Ba4 28. R1d2 Bb5 29. Bd4 Bf8 30. Rc2 Bc6 31. Re2 Bd7 32. Ra8 Kg6 33. a4 Kh5 34. a5 Bd6 35. Ra7 Bb5 36. Re6 Bb8 37. Ra8 Bc4 38. Rf6 Rxf6 39. Bxf6 Bd6 40. Rc8 Ba6 41. Rd8 Bc7 42. Rd5 f4 43. Be5 Bxe5 44. Rxe5 Bc4 45. f3 Kh4 46. Re4 Bd3 47. Rd4 Ba6 48. Kh2 Kh5 49. g3 fxg3+ 50. Kxg3 Bf1 51. h4 Ba6 52. Rd5 Kg6 53. hxg5 hxg5 54. Kg4 Kf6 55. Rxg5 Bd3 56. Kf4 Bc2 57. Rb5 1-0

[Event "CAN-op"]
[Site "Edmonton CAN"]
[Date "2009.07.13"]
[Round "3.56"]
[White "Long, Hugh"]
[Black "Manley, Jason"]
[Result "1-0"]
[WhiteElo "1672"]
[BlackElo "2028"]
[PlyCount "119"]
[GameId "2160767910155866"]
[EventDate "2009.07.11"]
[EventType "swiss"]
[EventRounds "9"]
[EventCountry "CAN"]
[SourceTitle "EXT 2022"]
[Source "ChessBase"]
[SourceDate "2021.10.06"]
[SourceVersion "1"]
[SourceVersionDate "2021.10.06"]
[SourceQuality "1"]

1. d4 f5 2. c4 Nf6 3. Nc3 e6 4. a3 b6 5. Nf3 Bb7 6. g3 Be7 7. Bg2 O-O 8. O-O Qc8 9. b4 d6 10. Bb2 c5 11. d5 cxb4 12. axb4 Qxc4 13. dxe6 h6 14. b5 Qxe6 15. Nd4 Qd7 16. Bxb7 Qxb7 17. Nxf5 Rd8 18. Nxe7+ Qxe7 19. Nd5 Qf7 20. Nxf6+ gxf6 21. Bxf6 Re8 22. Bb2 d5 23. Qd4 Kh7 24. e3 Nd7 25. Rad1 Re5 26. Qd3+ Rf5 27. e4 Nc5 28. Qc2 Nxe4 29. f3 Rf8 30. Ba3 Nc5 31. g4 Qg6 32. Qg2 Rg8 33. Rf2 Re5 34. Bb2 Re7 35. Rxd5 Qb1+ 36. Rf1 Re1 37. Rxe1 Qxe1+ 38. Qf1 Qe3+ 39. Kg2 Qe6 40. Qd1 Rf8 41. Qd2 Re8 42. Kf2 Qf7 43. Rf5 Qb3 44. Rxc5 Qf7 45. Rc6 Re6 46. Qd3+ Kg8 47. Rxe6 Qxe6 48. Qd8+ Kf7 49. Qc7+ Ke8 50. Qe5 Kd7 51. Qxe6+ Kxe6 52. f4 Kd5 53. f5 Kc5 54. f6 Kxb5 55. f7 Ka4 56. f8=Q a5 57. Qa3+ Kb5 58. Qb3+ Ka6 59. Qc4+ Kb7 60. Bd4 1-0

[Event "CAN-op"]
[Site "Edmonton CAN"]
[Date "2009.07.13"]
[Round "3.57"]
[White "Reuter, Gerhard"]
[Black "Abrahams, Daniel"]
[Result "0-1"]
[WhiteElo "1666"]
[BlackElo "2027"]
[PlyCount "96"]
[GameId "2160767910155867"]
[EventDate "2009.07.11"]
[EventType "swiss"]
[EventRounds "9"]
[EventCountry "CAN"]
[SourceTitle "EXT 2022"]
[Source "ChessBase"]
[SourceDate "2021.10.06"]
[SourceVersion "1"]
[SourceVersionDate "2021.10.06"]
[SourceQuality "1"]

1. e4 c5 2. Nf3 e6 3. d4 cxd4 4. Nxd4 a6 5. c4 Nc6 6. Nc3 Qc7 7. Be2 Nf6 8. a3 Qb6 9. Nxc6 dxc6 10. O-O e5 11. b4 Be6 12. Be3 Qc7 13. f4 Rd8 14. Qc2 Ng4 15. Bxg4 Bxg4 16. f5 f6 17. Qf2 Rd3 18. Rac1 Bh5 19. h3 Be7 20. g4 Bf7 21. c5 h5 22. Rfd1 Rxd1+ 23. Rxd1 hxg4 24. hxg4 g5 25. Qe2 Kf8 26. Kg2 Kg7 27. Rh1 Rxh1 28. Kxh1 Qd8 29. Kg1 a5 30. Qd2 Qc7 31. Kf2 axb4 32. axb4 Qc8 33. Qd1 b6 34. Na4 bxc5 35. Bxc5 Bxc5+ 36. Nxc5 Qh8 37. Ne6+ Bxe6 38. fxe6 Qh2+ 39. Ke3 Qg3+ 40. Kd2 Qa3 41. Ke2 Qa2+ 42. Kf3 Qxe6 43. Qd3 Kg6 44. Qc3 Qd7 45. Qe1 Qd3+ 46. Qe3 Qf1+ 47. Kg3 Qf4+ 48. Qxf4 gxf4+ 0-1

[Event "CAN-op"]
[Site "Edmonton CAN"]
[Date "2009.07.13"]
[Round "3.58"]
[White "Zhang, David"]
[Black "Einarsson, Ken"]
[Result "1-0"]
[WhiteElo "1999"]
[BlackElo "1734"]
[PlyCount "53"]
[GameId "2160767910155868"]
[EventDate "2009.07.11"]
[EventType "swiss"]
[EventRounds "9"]
[EventCountry "CAN"]
[SourceTitle "EXT 2022"]
[Source "ChessBase"]
[SourceDate "2021.10.06"]
[SourceVersion "1"]
[SourceVersionDate "2021.10.06"]
[SourceQuality "1"]

1. e4 e5 2. Nf3 Nc6 3. Nc3 Nf6 4. Bb5 Bc5 5. Nxe5 Bxf2+ 6. Kxf2 Nxe5 7. d4 Ng6 8. Rf1 O-O 9. e5 Ne8 10. Kg1 c6 11. Bc4 d5 12. exd6 Nxd6 13. Bb3 Nf5 14. Ne2 Nge7 15. c3 Nd5 16. Qd3 g6 17. Nf4 Be6 18. Nxe6 fxe6 19. Bd2 Qd7 20. Rae1 Rae8 21. Re5 Ng7 22. Rfe1 Qf7 23. Qe2 Kh8 24. Bh6 Nf4 25. Qd2 Nd3 26. Bxg7+ Kxg7 27. Qxd3 1-0

[Event "CAN-op"]
[Site "Edmonton CAN"]
[Date "2009.07.13"]
[Round "3.60"]
[White "Fan, Brendan"]
[Black "Medvedev, Gennadi"]
[Result "1-0"]
[WhiteElo "1992"]
[BlackElo "1702"]
[PlyCount "33"]
[GameId "2160767910155870"]
[EventDate "2009.07.11"]
[EventType "swiss"]
[EventRounds "9"]
[EventCountry "CAN"]

1. e4 c5 2. Nc3 d6 3. f4 e6 4. Nf3 g6 5. Bc4 Bg7 6. O-O Ne7 7. d3 O-O 8. Qe1 Nbc6 9. f5 Nd4 10. Qh4 Nxf3+ 11. Rxf3 Nc6 12. f6 e5 13. Nd5 h5 14. Qg5 Nd4 15. Ne7+ Kh7 16. fxg7 Nxf3+ 17. gxf3 1-0

[Event "CAN-op"]
[Site "Edmonton CAN"]
[Date "2009.07.13"]
[Round "3.61"]
[White "Desjardins, Simon-Pierre"]
[Black "Dean, Tim"]
[Result "1-0"]
[WhiteElo "2016"]
[BlackElo "1990"]
[PlyCount "129"]
[GameId "2160767910155871"]
[EventDate "2009.07.11"]
[EventType "swiss"]
[EventRounds "9"]
[EventCountry "CAN"]
[SourceTitle "EXT 2022"]
[Source "ChessBase"]
[SourceDate "2021.10.06"]
[SourceVersion "1"]
[SourceVersionDate "2021.10.06"]
[SourceQuality "1"]

1. e4 e5 2. Nf3 Nc6 3. Bb5 a6 4. Bxc6 dxc6 5. O-O f6 6. d4 exd4 7. Nxd4 c5 8. Ne2 Qxd1 9. Rxd1 Bd6 10. Bf4 Bxf4 11. Nxf4 Ne7 12. Nc3 Bd7 13. Rd2 O-O-O 14. Rad1 Nc6 15. Ncd5 Rhe8 16. f3 f5 17. exf5 Bxf5 18. c3 c4 19. Kf2 g5 20. Nh5 Bd3 21. Nhf6 Re5 22. b3 b5 23. bxc4 bxc4 24. Ne3 Re6 25. Nh5 Rde8 26. Ng4 Re2+ 27. Kg3 Re1 28. Rxe1 Rxe1 29. Nhf6 Ne7 30. Nf2 Re6 31. Nxd3 Rxf6 32. Ne5 h5 33. h3 Nf5+ 34. Kf2 Nd6 35. Kg3 Nf5+ 36. Kh2 Nd6 37. Rd4 c5 38. Rd5 Nb7 39. Nxc4 Rg6 40. h4 g4 41. Rxh5 gxf3 42. gxf3 Kc7 43. Rg5 Rh6 44. Kg3 Kc6 45. Na3 Nd6 46. h5 Rh8 47. Kg4 Nf7 48. Rg6+ Kd5 49. c4+ Kd4 50. f4 a5 51. Ra6 Rg8+ 52. Kh4 Rg2 53. Rf6 Rxa2 54. Rxf7 Rxa3 55. h6 Ra1 56. Kg5 Kxc4 57. h7 Rh1 58. Kg6 a4 59. Kg7 Rg1+ 60. Kf8 Rh1 61. Kg8 a3 62. h8=Q Rxh8+ 63. Kxh8 Kd4 64. Ra7 Ke4 65. Rxa3 1-0

[Event "CAN-op"]
[Site "Edmonton CAN"]
[Date "2009.07.13"]
[Round "3.63"]
[White "Steele, Len"]
[Black "Smith, Maurice"]
[Result "1/2-1/2"]
[WhiteElo "1984"]
[BlackElo "1635"]
[PlyCount "27"]
[GameId "2160767910155873"]
[EventDate "2009.07.11"]
[EventType "swiss"]
[EventRounds "9"]
[EventCountry "CAN"]
[SourceTitle "EXT 2022"]
[Source "ChessBase"]
[SourceDate "2021.10.06"]
[SourceVersion "1"]
[SourceVersionDate "2021.10.06"]
[SourceQuality "1"]

1. c4 Nf6 2. Nc3 c5 3. g3 Nc6 4. Bg2 g6 5. d3 Bg7 6. Rb1 O-O 7. Bd2 d6 8. a3 Bd7 9. Nf3 Rb8 10. O-O Qc8 11. Qc1 Bh3 12. Bh6 Bxg2 13. Kxg2 a6 14. Bxg7 1/2-1/2

[Event "CAN-op"]
[Site "Edmonton CAN"]
[Date "2009.07.13"]
[Round "3.64"]
[White "Gaciu, Vlad"]
[Black "McKay, Tom"]
[Result "1-0"]
[WhiteElo "1968"]
[BlackElo "1614"]
[PlyCount "43"]
[GameId "2160767910155874"]
[EventDate "2009.07.11"]
[EventType "swiss"]
[EventRounds "9"]
[EventCountry "CAN"]
[SourceTitle "EXT 2022"]
[Source "ChessBase"]
[SourceDate "2021.10.06"]
[SourceVersion "1"]
[SourceVersionDate "2021.10.06"]
[SourceQuality "1"]

1. e4 c5 2. f4 Nc6 3. Nf3 d6 4. Bb5 a6 5. Bxc6+ bxc6 6. d3 e6 7. Nc3 Nf6 8. e5 dxe5 9. Nxe5 Qc7 10. O-O Be7 11. Qf3 Bb7 12. Be3 Nd5 13. Ne4 Nxe3 14. Qxe3 Qa5 15. Nc4 Qc7 16. f5 exf5 17. Rxf5 O-O 18. Raf1 Bd8 19. Ned6 f6 20. Qe6+ Kh8 21. Ne5 Bc8 22. Nef7+ 1-0

[Event "CAN-op"]
[Site "Edmonton CAN"]
[Date "2009.07.13"]
[Round "3.65"]
[White "Newton, Geoff"]
[Black "Araullo, Marlon"]
[Result "1-0"]
[WhiteElo "1953"]
[BlackElo "1596"]
[PlyCount "85"]
[GameId "2160767910155875"]
[EventDate "2009.07.11"]
[EventType "swiss"]
[EventRounds "9"]
[EventCountry "CAN"]
[SourceTitle "EXT 2022"]
[Source "ChessBase"]
[SourceDate "2021.10.06"]
[SourceVersion "1"]
[SourceVersionDate "2021.10.06"]
[SourceQuality "1"]

1. d4 e6 2. c4 d5 3. Nc3 Nf6 4. Nf3 Nbd7 5. e3 c6 6. Bd3 Bb4 7. O-O O-O 8. Qb3 Ba5 9. Bd2 Bc7 10. Rac1 Re8 11. Rfd1 Nb6 12. e4 dxc4 13. Bxc4 Nxc4 14. Qxc4 Nd7 15. Bg5 f6 16. Be3 Nb6 17. Qb3 Kh8 18. d5 exd5 19. exd5 cxd5 20. Nxd5 Nxd5 21. Rxd5 Qe7 22. Qc2 Qf7 23. Rc5 Bd6 24. Rxc8 Raxc8 25. Qxc8 Rxc8 26. Rxc8+ Bf8 27. Bc5 Kg8 28. Rxf8+ Qxf8 29. Bxf8 Kxf8 30. Kf1 Ke7 31. Ke2 Ke6 32. Kd3 Kd5 33. b4 b5 34. Nd4 a6 35. a3 g6 36. g3 Kd6 37. Nb3 Kc6 38. Kd4 h6 39. h3 h5 40. Nc5 g5 41. Nxa6 f5 42. Ke5 g4 43. h4 1-0